000 00568nam a22001937a 4500
999 _c9089
_d9089
008 210323b ||||| |||| 00| 0 eng d
040 _aBMS College of Architecture
100 _aSahib, Hassan
245 _aChannapatna - Arts and craft village
300 _aNA
500 _a1BM06AT011
502 _8B.Arch
_NBMS College of Architecture, Visvesvaraya Technological University
_aProject report
_d2011
650 _aChannapatna
650 _aArt
650 _aVillage
700 _aSindhu, Srikanth
_eGuide
700 _aK R Madhu Chand
_eGuide
942 _2ddc
_cTHE